We have lost our fathers, and other poems /

Bibliographic Details
Main Author: Rinaldi, Nicholas, 1934-
Format: Book
Language:English
Published: Orlando : University Presses of Florida, [1982]
Series:Contemporary poetry series (Orlando, Fla.)

MARC

Tag First Indicator Second Indicator Subfields
LEADER 00000pam a2200000 a 4500
001 in00000089762
005 20151008065525.0
008 800918s1982 fluc 00010 engm
010 |a  80022908  
020 |a 0813006929 :  |c $6.95 
035 |a (OCoLC)06815738 
035 |9 AAK6105AM 
040 |a DLC  |c DLC  |d m.c.  |d TXA  |d UtOrBLW 
049 |a TXAM  |c [1387631] 
050 0 0 |a PS3568.I47  |b W4 
082 0 |a 811/.54  |2 19 
100 1 |a Rinaldi, Nicholas,  |d 1934- 
245 1 0 |a We have lost our fathers, and other poems /  |c by Nicholas Rinaldi. 
264 1 |a Orlando :  |b University Presses of Florida,  |c [1982] 
264 4 |c ©1982 
300 |a vi, 80 pages :  |b portrait ;  |c 22 cm. 
336 |a text  |b txt  |2 rdacontent 
337 |a unmediated  |b n  |2 rdamedia 
338 |a volume  |b nc  |2 rdacarrier 
490 1 |a University of Central Florida contemporary poetry series 
500 |a "A University of Central Florida book." 
830 0 |a Contemporary poetry series (Orlando, Fla.) 
999 |a MARS 
999 f f |s 86c80716-aa39-3771-941b-647d2c3ff9d1  |i 90c364b4-0367-30d0-8dcf-001aa74eff35  |t 0 
952 f f |p ric  |a Texas A&M University  |b Rellis Campus  |c Joint Library Facility  |d Remote Storage  |t 0  |e PS3568.I47 W4  |h Library of Congress classification  |i unmediated -- volume  |m A14806193214 
998 f f |a PS3568.I47 W4  |t 0  |l Remote Storage